Functionarea reala a schemelor cu contacte si relee /
Guardado en:
| Autor Principal: | |
|---|---|
| Autor Corporativo: | |
| Formato: | Libro |
| Idioma: | Romanian |
| Publicado: |
[Bucharest] :
Editura Academiei Republicii Populare Române,
1965-
|
| Series: | Monografii asupra teoriei algebrice a mecanismelor automate
|
| Materias: | |
| Etiquetas: |
Agregar Etiqueta
Sin Etiquetas, Sea el primero en etiquetar este registro!
|
| LEADER | 01084nam a2200277 a 4500 | ||
|---|---|---|---|
| 001 | MAT.inmabb005440 | ||
| 008 | 860804m19659999rm#a#####b###f000#0#rum## | ||
| 005 | 20170816152402.0 | ||
| 245 | 1 | 0 | |a Functionarea reala a schemelor cu contacte si relee / |c Gr. C. Moisil. |
| 260 | |a [Bucharest] : |b Editura Academiei Republicii Populare Române, |c 1965- | ||
| 300 | |a v. <1 > : |b il. ; |c 30 cm. | ||
| 440 | 0 | |a Monografii asupra teoriei algebrice a mecanismelor automate | |
| 500 | |a Cabecera de portada: Comisia de automatizari. Institutul de Matematici. | ||
| 504 | |a Bibliografía: p. 179-184. | ||
| 510 | 4 | |a MR, |c 33 #2484 | |
| 100 | 1 | |a Moisil, Grigore C. | |
| 710 | 2 | |a Institutul de Matematica (Academia Republicii Populare Romîne) | |
| 084 | |a 94.30 |2 MR | ||
| 650 | 0 | |a Electric relays |x Mathematics. | |
| 650 | 0 | |a Electric contacts |x Mathematics. | |
| 650 | 0 | |a Functions of real variables. | |
| 084 | |a 94.30 |2 MR | ||
| 010 | |a 86190776 | ||
| 040 | |a DLC |c DLC |d DLC | ||
| 859 | |h 94 |i M714r |p A-1788 |v 1 |3 Vol. I |b BIB. MATEMATICA | ||
| 859 | |h 94 |i M714r |p A-1825 |t Ej. 2 |v 1 |3 Vol. I |b BIB. MATEMATICA | ||
